Pokémon avec la plus grande Vitesse - A-Z - Statistiques

Statistiques générales
  • Ce quiz a été pris 85 fois
  • Le résultat moyen est 10 sur 26
Statistiques - réponses
Lettre Vitesse Pokémon % Correct
D 180 Deoxys (Vitesse)
76%
X 99 Xerneas
74%
Y 99 Yveltal
72%
E 150 Électrode
68%
U 55 Ursaring
66%
R 200 Regieleki
62%
N 160 Ninjask
60%
Z 148 Zacian (Épée Suprême)
56%
C 151 Cancrelove
46%
M 130 Mewtwo
46%
Q 85 Qwilfish
46%
A 132 Amphinobi (Sachanobi)
36%
V 130 Voltali
36%
J 120 Jungko
32%
K 109 Katagami
32%
L 145 Limaspeed
32%
I 109 Iguolta
26%
S 150 Sylveroy (Cavalier de l'Effroi)
20%
P 130 Ptéra
18%
T 130 Tokorico
18%
W 95 Wimessir (mâle)
18%
F 126 Flambusard
14%
H 136 Hastacuda
12%
O 80 Oniglali
12%
B 130 Bekaglaçon (Forme Tête Dégel)
6%
G 105 Galopa | Galopa de Galar
2%
Aucun quiz correspondant
Distribution des résultats
% des personnes avec chaque résultat
Percentile par nombre de réponses
Votre historique - résultats
Vous n’avez pas pris ce quiz